LEADER 01184nam a2200265 i 4500 001 000000221672 003 CaOOAMICUS 005 20130801000000.0 008 130801s1982 it u000 u ita u 013 $a200569 020 $a88-7011-151-2 040 $aSeMil$bita 100 1 $aDonini, Pier Luigi.$0(OLS)http://semarc/name/44170 245 13$aLe scuole, l'anima, l'impero :$bla filosofia antica da Antioco a Plotino /$cPierluigi Donini. 260 $aTorino :$bRosenberg & Sellier,$c1982. 300 $a296 p. ;$c21 cm. 490 0 $aSintesi : serie di propedeutica universitaria ;$v3 650 4$aFilosofia antica.$0(OLS)http://semarc/subject/2933 830 0$aSintesi : serie di propedeutica universitaria ;$v3.$0(OLS)http://semarc/title/28340 850 $aSeMil 852 $aSeMil$W1$xVenegono$y1$m2P VII 36$j172021$B172021$CSeMilBibl$Z2$F182966 $81 961 $aOmaggio: Conti don Ermenegildo 996 $6020$a88-7011-151-2$9(OLS)http://semarc/number/220783 996 $6245$aLe scuole, l'anima, l'impero :$bla filosofia antica da Antioco a Plotino$9(OLS)http://semarc/title/317793 996 $6260$aTorino :$bRosenberg & Sellier$9(OLS)http://semarc/publisher/29742 LEADER 00808nam a2200229 i 4500 001 000000092818 003 CaOOAMICUS 005 20130821000000.0 008 130821s1967 xx u000 u und u 013 $a65060 020 $a88-425- 040 $aSeMil$bita 100 1 $aCerruti, Marco.$0(OLS)http://semarc/name/28096 245 10$aCarlo Michelstaedter. 260 $aMilano :$bMursia,$c1967. 300 $a262 p. 650 4$aMichelstaedter, Carlo <1887-1910>.$0(OLS)http://semarc/subject/8720 850 $aSeMil 852 $aSeMil$W1$xVenegono$y1$m58 23 14 *$j55649$B55649$CSeMilBibl$Z2$F60419 $81 996 $6020$a88-425-$9(OLS)http://semarc/number/73027 996 $6245$aCarlo Michelstaedter$9(OLS)http://semarc/title/138941 996 $6260$aMilano :$bMursia$9(OLS)http://semarc/publisher/30230